Fundamentals of electricity and magnetism / (Record no. 3570)
[ view plain ]
| 000 -LEADER | |
|---|---|
| fixed length control field | 00573nam a2200217 4500 |
| 003 - CONTROL NUMBER IDENTIFIER | |
| control field | OSt |
| 005 - DATE AND TIME OF LATEST TRANSACTION | |
| control field | 20160414180907.0 |
| 008 - FIXED-LENGTH DATA ELEMENTS--GENERAL INFORMATION | |
| fixed length control field | 160414b xxu||||| |||| 00| 0 eng d |
| 022 ## - INTERNATIONAL STANDARD SERIAL NUMBER | |
| Source | 070347808 |
| 040 ## - CATALOGING SOURCE | |
| Transcribing agency | 040a |
| 082 ## - DEWEY DECIMAL CLASSIFICATION NUMBER | |
| Classification number | 537 |
| Item number | KIP 1962 |
| 100 ## - MAIN ENTRY--PERSONAL NAME | |
| Personal name | Kip, Arthur F |
| 9 (RLIN) | 7980 |
| 245 ## - TITLE STATEMENT | |
| Title | Fundamentals of electricity and magnetism / |
| Statement of responsibility, etc. | Arthur F. Kip |
| 250 ## - EDITION STATEMENT | |
| Edition statement | 2nd.ed |
| 260 ## - PUBLICATION, DISTRIBUTION, ETC. (IMPRINT) | |
| Place of publication, distribution, etc. | New York |
| Name of publisher, distributor, etc. | McGraw-Hill |
| Date of publication, distribution, etc. | 1962 |
| 300 ## - PHYSICAL DESCRIPTION | |
| Extent | xxiii, 630p; |
| Other physical details | ill : |
| Dimensions | 14 cm |
| 504 ## - BIBLIOGRAPHY, ETC. NOTE | |
| Bibliography, etc | Includes index |
| 650 ## - SUBJECT ADDED ENTRY--TOPICAL TERM | |
| Topical term or geographic name as entry element | Electricity |
| 9 (RLIN) | 1021 |
| 650 ## - SUBJECT ADDED ENTRY--TOPICAL TERM | |
| Topical term or geographic name as entry element | Magnetism |
| 9 (RLIN) | 1022 |
| 942 ## - ADDED ENTRY ELEMENTS (KOHA) | |
| Source of classification or shelving scheme | Dewey Decimal Classification |
| Koha item type | Short Loan |
| Withdrawn status | Lost status | Source of classification or shelving scheme | Damaged status | Not for loan | Home library | Current library | Date acquired | Inventory number | Total Checkouts | Full call number | Barcode | Date last seen | Price effective from | Koha item type | Source of acquisition |
|---|---|---|---|---|---|---|---|---|---|---|---|---|---|---|---|
| Dewey Decimal Classification | MUST Main Library | MUST Main Library | 14/04/2016 | 1996/7948 | 537 KIP 1962 | 2016-0925 | 14/04/2016 | 14/04/2016 | Short Loan | ||||||
| Dewey Decimal Classification | MUST Main Library | MUST Main Library | 02/05/2016 | 2000/14165 | 537 KIP 1962 | 2016-1516 | 02/05/2016 | 02/05/2016 | Short Loan | ||||||
| Dewey Decimal Classification | MUST Main Library | MUST Main Library | 02/05/2016 | 1996/7950 | 537 KIP 1962 | 2016-1517 | 02/05/2016 | 02/05/2016 | Short Loan | ||||||
| Dewey Decimal Classification | MUST Main Library | MUST Main Library | 18/07/2016 | 1996/7952 | 537 KIP 1962 | 2016-3259 | 18/07/2016 | 18/07/2016 | Open Shelf | ||||||
| Dewey Decimal Classification | MUST Main Library | MUST Main Library | 15/02/2021 | 1996/7946 | 537 KIP 1962 | 2021-0126 | 15/02/2021 | 15/02/2021 | Open Shelf | Purchase | |||||
| Dewey Decimal Classification | MUST Main Library | MUST Main Library | 17/01/2022 | 96/7951 | 537 KIP 1962 | 2022-0040 | 17/01/2022 | 17/01/2022 | Open Shelf | Purchase | |||||
| Dewey Decimal Classification | MUST Main Library | MUST Main Library | 17/01/2022 | 96/7944 | 537 KIP 1962 | 2022-0041 | 17/01/2022 | 17/01/2022 | Open Shelf | Purchase | |||||
| Dewey Decimal Classification | MUST Main Library | MUST Main Library | 17/01/2022 | 96/7949 | 537 KIP 1962 | 2022-0042 | 17/01/2022 | 17/01/2022 | Open Shelf | Purchase | |||||
| Dewey Decimal Classification | MUST Main Library | MUST Main Library | 17/01/2022 | 96/7953 | 537 KIP 1962 | 2022-0043 | 17/01/2022 | 17/01/2022 | Open Shelf | Purchase | |||||
| Dewey Decimal Classification | MUST Main Library | MUST Main Library | 17/01/2022 | 96/7954 | 537 KIP 1962 | 2022-0044 | 17/01/2022 | 17/01/2022 | Open Shelf | Purchase |
